Issledovanije faktorov, opredeljajuščich spros na vysšeje obrazovanije (na primere Ukrajiny i Slovakii)
Rast záujmu o vysokoškolské vzdelanie. Faktory ovplyvňujúce dopyt po vysokoškolskom vzdelávaní. Najdôležitejší motív pre získanie vysokoškolského vzdelania v SR. Kritériá pri výbere vysokej školy.
Na minha lista:
| Autor principal: | |
|---|---|
| Outros Autores: | |
| Formato: | Capítulo de Livro |
| Idioma: | russo |
| Assuntos: | |
| Tags: |
Sem tags, seja o primeiro a adicionar uma tag!
|
MARC
| LEADER | 00000naa$a2200000$$$4500 | ||
|---|---|---|---|
| 001 | 0188974 | ||
| 005 | 20240502083440.2 | ||
| 041 | 0 | |a rus | |
| 044 | |a UA | ||
| 245 | 1 | 0 | |a Issledovanije faktorov, opredeljajuščich spros na vysšeje obrazovanije (na primere Ukrajiny i Slovakii) |c T. P. Nestorenko, Vladimír Gonda |
| 520 | |a Rast záujmu o vysokoškolské vzdelanie. Faktory ovplyvňujúce dopyt po vysokoškolskom vzdelávaní. Najdôležitejší motív pre získanie vysokoškolského vzdelania v SR. Kritériá pri výbere vysokej školy. | ||
| 610 | 2 | 0 | |a vzdelávanie vysokoškolské |
| 610 | 2 | 0 | |a školy vysoké |
| 610 | 2 | 0 | |a univerzity |
| 610 | 2 | 0 | |a trh práce |
| 610 | 2 | 0 | |a kvalifikácia |
| 610 | 2 | 0 | |a Slovensko |
| 610 | 2 | 0 | |a Ukrajina |
| 100 | 1 | |a Nestorenko, T. P. | |
| 700 | 1 | |a Gonda, Vladimír | |